Applied nuclear physics /

Bibliographic Details
Main Author: Pollard, Ernest C. (Ernest Charles), 1906-1997
Other Authors: Davidson, William Lee
Format: Book
Language:English
Published: New York : London : J. Wiley & sons, inc.; Chapman & Hall, limited, [1942]
Subjects:

MARC

Tag First Indicator Second Indicator Subfields
LEADER 00000cam a2200000 4500
001 in00000044081
005 20151007070947.0
008 731016s1942 nyua b 00010 eng u
010 |a  42050941  
035 |a (OCoLC)00718389 
035 |9 AAE5043AM 
040 |c KSU  |d TXA  |d UtOrBLW 
049 |a TXAM  |c 3 [424480] 
050 0 0 |a QC173  |b .P56 
092 |a 539.1  |b P771a 
100 1 |a Pollard, Ernest C.  |q (Ernest Charles),  |d 1906-1997. 
245 1 0 |a Applied nuclear physics /  |c [by] Ernest Pollard ... and William L. Davidson, jr. 
264 1 |a New York :  |b J. Wiley & sons, inc.;  |a London :  |b Chapman & Hall, limited,  |c [1942] 
264 4 |c [©1942] 
300 |a 1 page ., v-vii, 249 pages including illustrations, tables, diagrams ;  |c 24 cm. 
336 |a text  |b txt  |2 rdacontent 
337 |a unmediated  |b n  |2 rdamedia 
338 |a volume  |b nc  |2 rdacarrier 
504 |a "References" at end of most of the chapters. 
650 0 |a Nuclear physics. 
700 1 |a Davidson, William Lee. 
999 |a MARS 
999 f f |s 5eff2812-48f6-3056-89d3-2338da98bc04  |i b88631cd-986e-3a49-a833-a5c9a1551ef0  |t 0 
952 f f |p ric  |a Texas A&M University  |b Rellis Campus  |c Joint Library Facility  |d Remote Storage  |t 0  |e QC173 .P56  |h Library of Congress classification  |i unmediated -- volume  |m A14800927754 
998 f f |a QC173 .P56  |t 0  |l Remote Storage